Una convivencia con respeto; reto para Estados Unidos /
Reproducción del epílogo, escrito por Xabier Gorostiaga, de la publicación "Forjando la Paz", editado por el Departamento Ecuménico de Investigaciones en Costa Rica. "Forjando la Paz" es la versión en español de "Forging Peace", escrito por Pichand Fagen, como parte de...
Na minha lista:
| Autor principal: | |
|---|---|
| Formato: | Texto |
| Idioma: | Spanish |
| Assuntos: | |
| Tags: |
Adicionar Tag
Sem tags, seja o primeiro a adicionar uma tag!
|
MARC
| LEADER | 00000 a a2200000 04500 | ||
|---|---|---|---|
| 001 | 12117 | ||
| 003 | cru CIDCACS/IIS | ||
| 005 | 20230126095054.0 | ||
| 008 | 230126b |||||||| |||| 00| 0 spa d | ||
| 040 | |c cru CIDCACS/IIS | ||
| 100 | |a Gorostiaga, Xavier | ||
| 245 | |a Una convivencia con respeto; reto para Estados Unidos / |c Xavier Gorostiaga | ||
| 500 | |a Colección Centroamérica | ||
| 520 | |a Reproducción del epílogo, escrito por Xabier Gorostiaga, de la publicación "Forjando la Paz", editado por el Departamento Ecuménico de Investigaciones en Costa Rica. "Forjando la Paz" es la versión en español de "Forging Peace", escrito por Pichand Fagen, como parte de un proyecto impulsado por PACCA. Trata de la política estadounidense hacia Centroamérica. SM/EB | ||
| 650 | |a INTERVENCION EXTRANJERA | ||
| 650 | |a HEGEMONIA | ||
| 650 | |a PLANES DE PAZ | ||
| 650 | |a LEGITIMIDAD | ||
| 651 | 0 | |9 308 |a CENTROAMERICA | |
| 651 | 0 | |9 245 |a ESTADOS UNIDOS | |
| 773 | |g número 53; páginas 10-11 | ||
| 773 | 0 | |0 43109 |9 7785 |a Coordinadora Regional de Investigaciones Económicas y Sociales |d Managua, Nicaragua: CRIES, 1982- |o 22363 |t Pensamiento Propio / | |
| 942 | |2 ddc |c PP | ||
| 999 | |c 35079 |d 35079 | ||
